<?xml version="1.0" encoding="UTF-8"?>
<collection xmlns="http://www.loc.gov/MARC21/slim">
 <record>
  <leader>01574nam a2200373 a 4500</leader>
  <controlfield tag="001">42302</controlfield>
  <controlfield tag="003">BD-DhAAL</controlfield>
  <controlfield tag="008">240225r20072006enkabf   b    001 0 eng d</controlfield>
  <datafield tag="015" ind1=" " ind2=" ">
   <subfield code="a">GBA646132</subfield>
   <subfield code="2">bnb</subfield>
  </datafield>
  <datafield tag="016" ind1="7" ind2=" ">
   <subfield code="a">013464305</subfield>
   <subfield code="2">Uk</subfield>
  </datafield>
  <datafield tag="020" ind1=" " ind2=" ">
   <subfield code="c">9780316729819 (hbk.)</subfield>
  </datafield>
  <datafield tag="020" ind1=" " ind2=" ">
   <subfield code="a">0316729817 (hbk.)</subfield>
  </datafield>
  <datafield tag="040" ind1=" " ind2=" ">
   <subfield code="a">UKM</subfield>
   <subfield code="b">eng</subfield>
   <subfield code="c">UKM</subfield>
   <subfield code="d">BWKUK</subfield>
   <subfield code="d">YDXCP</subfield>
   <subfield code="d">OCLCQ</subfield>
   <subfield code="d">ZP1</subfield>
   <subfield code="d">OCoLC</subfield>
   <subfield code="d">NJB</subfield>
   <subfield code="d">ANL</subfield>
   <subfield code="d">BD-DhAAL</subfield>
  </datafield>
  <datafield tag="043" ind1=" " ind2=" ">
   <subfield code="a">a-ii---</subfield>
   <subfield code="a">a-cc---</subfield>
   <subfield code="a">a-pk---</subfield>
  </datafield>
  <datafield tag="050" ind1=" " ind2="4">
   <subfield code="a">HC435.3</subfield>
   <subfield code="b">.L83 2006</subfield>
  </datafield>
  <datafield tag="082" ind1="0" ind2="4">
   <subfield code="a">330.954053</subfield>
   <subfield code="2">23</subfield>
  </datafield>
  <datafield tag="100" ind1="1" ind2=" ">
   <subfield code="a">Luce, Edward.</subfield>
   <subfield code="9">56054</subfield>
  </datafield>
  <datafield tag="245" ind1="1" ind2="0">
   <subfield code="a">In spite of the gods :</subfield>
   <subfield code="b">the strange rise of modern India /</subfield>
   <subfield code="c">Edward Luce.</subfield>
  </datafield>
  <datafield tag="264" ind1=" " ind2=" ">
   <subfield code="a">London :</subfield>
   <subfield code="b">Little, Brown,</subfield>
   <subfield code="c">c2006 [reprinted 2007].</subfield>
  </datafield>
  <datafield tag="300" ind1=" " ind2=" ">
   <subfield code="a">x, 388 pages, [16] pages of plates :</subfield>
   <subfield code="b">color illustrations, map ;</subfield>
   <subfield code="c">24 cm.</subfield>
  </datafield>
  <datafield tag="504" ind1=" " ind2=" ">
   <subfield code="a">Includes bibliographical references and index.</subfield>
  </datafield>
  <datafield tag="541" ind1=" " ind2=" ">
   <subfield code="a">Donated by Rebecca Dipa Khan</subfield>
   <subfield code="e">42302</subfield>
  </datafield>
  <datafield tag="650" ind1=" " ind2="0">
   <subfield code="a">Hindus</subfield>
   <subfield code="z">India</subfield>
   <subfield code="x">History.</subfield>
   <subfield code="9">56055</subfield>
  </datafield>
  <datafield tag="650" ind1=" " ind2="0">
   <subfield code="a">Religion</subfield>
   <subfield code="x">Social aspects</subfield>
   <subfield code="z">India.</subfield>
   <subfield code="9">56056</subfield>
  </datafield>
  <datafield tag="651" ind1=" " ind2="0">
   <subfield code="a">India</subfield>
   <subfield code="x">Economic conditions</subfield>
   <subfield code="y">1947-</subfield>
  </datafield>
  <datafield tag="651" ind1=" " ind2="0">
   <subfield code="a">India</subfield>
   <subfield code="x">Economic policy</subfield>
   <subfield code="y">1991-</subfield>
  </datafield>
  <datafield tag="651" ind1=" " ind2="0">
   <subfield code="a">India</subfield>
   <subfield code="x">Civilization</subfield>
   <subfield code="y">1947-</subfield>
   <subfield code="9">49067</subfield>
  </datafield>
  <datafield tag="651" ind1=" " ind2="0">
   <subfield code="a">India</subfield>
   <subfield code="x">Social life and customs</subfield>
   <subfield code="y">1947-</subfield>
   <subfield code="9">56057</subfield>
  </datafield>
  <datafield tag="651" ind1=" " ind2="0">
   <subfield code="a">India</subfield>
   <subfield code="x">Foreign relations</subfield>
   <subfield code="z">China.</subfield>
   <subfield code="9">56058</subfield>
  </datafield>
  <datafield tag="651" ind1=" " ind2="0">
   <subfield code="a">India</subfield>
   <subfield code="x">Foreign relations</subfield>
   <subfield code="z">Pakistan.</subfield>
   <subfield code="9">27747</subfield>
  </datafield>
  <datafield tag="852" ind1=" " ind2=" ">
   <subfield code="a">Ayesha Abed Library</subfield>
   <subfield code="c">General Stacks</subfield>
  </datafield>
  <datafield tag="942" ind1=" " ind2=" ">
   <subfield code="2">ddc</subfield>
   <subfield code="c">BK</subfield>
  </datafield>
  <datafield tag="999" ind1=" " ind2=" ">
   <subfield code="c">46421</subfield>
   <subfield code="d">46421</subfield>
  </datafield>
  <datafield tag="952" ind1=" " ind2=" ">
   <subfield code="0">0</subfield>
   <subfield code="1">0</subfield>
   <subfield code="2">ddc</subfield>
   <subfield code="4">0</subfield>
   <subfield code="6">330_954053000000000_LUC</subfield>
   <subfield code="7">0</subfield>
   <subfield code="9">75180</subfield>
   <subfield code="a">BRACUL</subfield>
   <subfield code="b">BRACUL</subfield>
   <subfield code="c">GEN</subfield>
   <subfield code="d">2024-02-25</subfield>
   <subfield code="e">Donated By Rebecca Dipa Khan</subfield>
   <subfield code="g">2777.00</subfield>
   <subfield code="l">0</subfield>
   <subfield code="o">330.954053 LUC</subfield>
   <subfield code="p">3010042302</subfield>
   <subfield code="r">2024-02-25</subfield>
   <subfield code="t">1</subfield>
   <subfield code="w">2024-02-25</subfield>
   <subfield code="y">BK</subfield>
   <subfield code="x">£20.00</subfield>
  </datafield>
 </record>
</collection>
